| 000 | 00660nam a2200217 a 4500 | ||
|---|---|---|---|
| 001 | 000033360 | ||
| 003 | OSt | ||
| 005 | 20240412074257.0 | ||
| 008 | 110825s1914 dr 000 0 spa d | ||
| 040 |
_aDO-SdBNP _bspa _cBNPHU |
||
| 082 |
_aRD861 _bC352a |
||
| 100 | 1 |
_aCastillo Márquez, Fran X. del _958945 |
|
| 245 | 1 | 0 |
_aAlma y perfiles / _cFran X. del Castillo Márquez. |
| 260 |
_aLa Romana, República Dominicana : _bAtenas, _c1914. |
||
| 300 |
_a51 p. ; _c19 cm. |
||
| 590 | _aInventariado, 2019 / DG | ||
| 650 | 4 |
_aPoesía dominicana _977205 |
|
| 650 | 0 |
_aLiteratura dominicana. _967 |
|
| 910 | _aValidado. Control de calidad MFF | ||
| 942 |
_2ddc _cLBS1 |
||
| 999 |
_c32851 _d32851 |
||